Teoría del fútbol (Registro nro. 77507)

Detalles MARC
000 -ENCABEZADO
Número de control [NR] 00676nam a2200205Ia 4500
008 - DE LONGITUD FIJA DE DATOS DE ELEMENTOS - INFORMACIÓN GENERAL
Elementos de longitud fija [NR] 130821s1900 sp a gr spa
020 ## - NUMERO INTERNACIONAL NORMALIZADO PARA LIBROS [R]
Número Internacional Normalizado del libro [NR] 84 604 3705 1
040 ## - FUENTE DE CATALOGACION [NR]
Agencia de catalogación original [NR] Co-BoUCM
Idioma de catalogación [NR] spa
041 00 - CODIGO DE IDIOMA [R]
Código de idioma para texto/pista de sonido o título separado [R] Español
100 1# - ASIENTO PRINCIPAL--NOMBRE PERSONAL [NR]
Nombre personal [NR] Olivós Arroyo, Ricardo
ID Autoridad 169738
245 10 - MENCION DE TITULO [NR]
Título [NR] Teoría del fútbol
Mención de responsabilidad, etc. [NR] Ricardo Olivós Arroyo
260 ## - PUBLICACION, DISTRIBUCION, ETC. (PIE DE IMPRENTA) [R]
Lugar de publicación, distribución, etc. [R] Sevilla (Andalucía, España)
Nombre del editor, distribuidor, etc. [R] SAND
Fecha de publicación, distribución, etc. [R] [1900?]
300 ## - DESCRIPCION FISICA [R]
Extensión [R] 364 páginas
Otros detalles físicos [NR] ilustraciones
650 ## - ASIENTO SECUNDARIO DE MATERIA - TERMINO TEMATICO [R]
Término temático o nombre geográfico como elemento de entrada [NR] Deportes
9 (RLIN) 388
650 ## - ASIENTO SECUNDARIO DE MATERIA - TERMINO TEMATICO [R]
Término temático o nombre geográfico como elemento de entrada [NR] Entrenamiento de fútbol
9 (RLIN) 14627
650 ## - ASIENTO SECUNDARIO DE MATERIA - TERMINO TEMATICO [R]
Término temático o nombre geográfico como elemento de entrada [NR] Fútbol
Subdivisión de forma [R] Ejercicios
9 (RLIN) 7649
650 ## - ASIENTO SECUNDARIO DE MATERIA - TERMINO TEMATICO [R]
Término temático o nombre geográfico como elemento de entrada [NR] Fútbol
Subdivisión general [R] Estrategia y técnicas
9 (RLIN) 7649
942 ## - ELEMENTOS DE ENTRADA AGREGADOS (KOHA)
Tipo de ítem principal el descrito en 300a Libro
Tema principal Entretenimiento
Edición 1
Parte restante de la signatura top. O495t
Sistema de clasificación DEWEY
Clasificación 796.334
Existencias
Fecha de último préstamo Total préstamos Total Renewals Signatura topográfica Código de barras Última vez visto Ejemplar Price effective from Tipo de ítem Perdido Sistema de clasificación Dañado No prestable Tipo de ítem específico Suprimido Ubicación habitual Ubicación actual Localización Fecha de creación Forma de adquisición Costo
22/05/2018 2 1 796.334 O495t 100117836 06/12/2025 Ej.1 03/02/2013 Libro   DEWEY     Libro   Claustro Claustro 2do piso 30/09/2011 Donación 26000.00